000 00387nam a2200169Ia 4500
005 20250603145439.0
008 250603s9999 xx 000 0 und d
020 _a9789784918367
050 _aP 121 .N78/
245 0 _aNSUK texts in general linguistics
260 _aEnugu
260 _bRossen Publications
260 _c2010
300 _a248 p
650 _aEnugu
942 _cBK
999 _c41885
_d41885